The captain and the enemy
Bewaard in:
| Hoofdauteur: | |
|---|---|
| Formaat: | Boek |
| Taal: | Engels |
| Gepubliceerd in: |
Essex
Longman
1991
|
| Reeks: | Series Longman Literature
|
| Onderwerpen: | |
| Tags: |
Voeg label toe
Geen labels, Wees de eerste die dit record labelt!
|
MARC
| LEADER | 00000nam a2200000 a 4500 | ||
|---|---|---|---|
| 001 | UCX8437 | ||
| 003 | CL-VaPUC | ||
| 008 | 940404e19910000UK |||||||||||||||||eng|d | ||
| 082 | 0 | 4 | |a 823 |b GRE |2 21 |
| 100 | 0 | |a Greene, Graham |e author |9 309259 | |
| 245 | 1 | 4 | |a The captain and the enemy |
| 300 | |a 171 p | ||
| 942 | |c BK | ||
| 945 | |d 19940404 00:00:00 |a rbrito | ||
| 260 | |a Essex |b Longman |c 1991 | ||
| 650 | 0 | |a Novelas inglesas |9 265220 | |
| 583 | |a last modification |c 20120731 09:50:24 |k Rodrigo Vera | ||
| 490 | 0 | |a Series Longman Literature | |
| 999 | |c 227944 |d 227942 | ||
| 952 | |0 0 |1 0 |4 0 |6 823_000000000000000_GRE_1991 |7 0 |8 A |9 227416 |a BIBEDU |b BIBEDU |d 2019-11-15 |i 2966123 |o 823 GRE 1991 |p 2966123 |r 2019-11-15 |w 2019-11-15 |y BK |k LIT | ||